Tratado de derechos reales : Código Civil y Comercial de la Nación. Ley 26.994. Tomo II /
Guardado en:
| Autor Principal: | |
|---|---|
| Formato: | Libro |
| Idioma: | Spanish |
| Publicado: |
Santa Fe :
Rubinzal Culzoni,
2016.
|
| Edición: | 1a. ed. |
| Materias: | |
| Etiquetas: |
Agregar Etiqueta
Sin Etiquetas, Sea el primero en etiquetar este registro!
|
| LEADER | 00586nam a22001695a 4500 | ||
|---|---|---|---|
| 001 | DER.der013118 | ||
| 008 | 180615s2016####ag#||||||||||||||#||spa|| | ||
| 005 | 20250922153820.0 | ||
| 245 | 1 | 0 | |a Tratado de derechos reales : |n Tomo II / |b Código Civil y Comercial de la Nación. Ley 26.994. |c Claudio Kiper. |
| 250 | |a 1a. ed. | ||
| 260 | |a Santa Fe : |b Rubinzal Culzoni, |c 2016. | ||
| 300 | |a 843 p. | ||
| 020 | |a 9789873006562 | ||
| 100 | 1 | |a Kiper, Claudio | |
| 650 | 7 | |a DERECHOS REALES | |
| 859 | |a DERECHO |b BIB. DERECHO |h 346 |i KIP |p 007058 |3 Tomo II | ||
| 859 | |a DERECHO |b BIB. DERECHO |h 346 |i KIP |p 009127 |t 1 |3 Tomo II | ||
